|
|
|
|
| LEADER |
00000nam0a2200000 4500 |
| 001 |
64915 |
| 005 |
20231101212150.0 |
| 010 |
|
|
|a 5939724612
|
| 035 |
|
|
|a (RuTPU)RU\TPU\book\68919
|
| 090 |
|
|
|a 64915
|
| 100 |
|
|
|a 20040610d2005 km y0rusy50 ca
|
| 101 |
1 |
|
|a rus
|c eng
|
| 102 |
|
|
|a RU
|
| 105 |
|
|
|a a z 001zy
|
| 200 |
1 |
|
|a Наноконструирование в науке и технике. Введение в мир нанорасчета
|e пер. с англ.
|f М. Рит
|
| 210 |
|
|
|a Москва
|a Ижевск
|c Регулярная и хаотическая динамика
|d 2005
|
| 215 |
|
|
|a 160 с.
|c ил.
|
| 320 |
|
|
|a Библиогр.: с. 149-156.
|
| 320 |
|
|
|a Предметный указатель: с. 157-159.
|
| 330 |
|
|
|a Нанотехнология — это технология работы с молекулами. Прогнозируется, что ее развитие приведет к революционным успехам в медицине, электронике, информационных технологиях, энергетике и других областях человеческой деятельности. Данная монография является живым и образным введением в методы и задачи наноинженерии. В ней отражены сложности, возникающие при проектировании и конструировании вычислительных наноустройств. Детально рассмотрены этапы развития этого нового направления в науке. Основное внимание уделяется методу молекулярной динамики, который применяется для анализа нового класса задач, направленных на исследование свойств атомных кластеров (которые, в свою очередь, являются основой для наноустройств). Приводятся полные сведения из области смежных фундаментальных наук (биологии, физики, химии, информатики и техники), необходимые для понимания излагаемого в работе материала. Книга будет полезна для студентов и специалистов по компьютерному моделированию и методам молекулярной физики.
|
| 606 |
1 |
|
|a Нанотехнология
|2 stltpush
|3 (RuTPU)RU\TPU\subj\51510
|9 70088
|
| 610 |
1 |
|
|a наноконструирование
|
| 610 |
1 |
|
|a нанорасчеты
|
| 610 |
1 |
|
|a межатомные потенциалы
|
| 610 |
1 |
|
|a молекулярная динамика
|
| 610 |
1 |
|
|a наносистемы
|
| 610 |
1 |
|
|a наномашины
|
| 610 |
1 |
|
|a нанокластеры
|
| 675 |
|
|
|a 620.3
|v 3
|
| 700 |
|
1 |
|a Рит
|b М.
|g Михаэль
|
| 801 |
|
1 |
|a RU
|b 63413507
|c 20040610
|g PSBO
|
| 801 |
|
2 |
|a RU
|b 63413507
|c 20121112
|g PSBO
|
| 942 |
|
|
|c BK
|